Matematika trochu inak Deriváty - nástroje s najväčšou dynamikou na finančných trhoch

Strategické postavenie derivátov ako finančných nástrojov na finančných trhoch. Obchodovanie na trhu s derivátmi. Objem obchodov na najväčších termínových a opčných burzách.

Uložené v:
Podrobná bibliografia
Hlavný autor: Briška, L.
Médium: Kapitola
Jazyk:Slovak
Predmet:
Tagy: Pridať tag
Žiadne tagy, Buďte prvý, kto otaguje tento záznam!

MARC

LEADER 00000naa a2200000 4500
001 r000332
005 20221205090933.4
041 0 |a slo 
044 |a SK 
245 1 0 |a Matematika trochu inak  |b Deriváty - nástroje s najväčšou dynamikou na finančných trhoch  |c L. Briška 
520 |a Strategické postavenie derivátov ako finančných nástrojov na finančných trhoch. Obchodovanie na trhu s derivátmi. Objem obchodov na najväčších termínových a opčných burzách. 
610 2 0 |a deriváty 
610 2 0 |a pojmy 
610 2 0 |a obchody burzové 
610 2 0 |a obchody opčné 
610 2 0 |a obchody termínové 
610 2 0 |a burzy 
610 2 0 |a BOB, a.s. 
610 2 0 |a opcie 
100 1 |a Briška, L.